Caricamento...

Towards alternative settlement strategies role of small and intermediate centers in the development process

Dettagli Bibliografici
Altri autori: Bhooshan,B S (Redattore)
Natura: Printed Book
Lingua:English
Pubblicazione: New Delhi Heritage 1980
Soggetti:
LEADER 00581nam a22001577a 4500
005 20160820112549.0
008 091014t xxu||||| |||| 00| 0 eng d
082 |a 330.34  |b BHO 
100 |a Bhooshan,B S  |e Editor  |9 4300 
245 |a Towards alternative settlement strategies  |b role of small and intermediate centers in the development process 
300 |a 404p. 
653 |a economic development 
942 |c BK  |6 _ 
260 |a New Delhi  |b Heritage  |c 1980 
999 |c 171968  |d 171968 
952 |0 0  |1 0  |2 ddc  |4 0  |6 33034_BHO  |7 0  |9 223378  |a DAE  |b DAE  |d 2009-10-14  |o 330.34 BHO  |p ECO01274  |r 2016-08-20  |w 2016-08-20  |y BK